Géographie de l'Amérique du Sud par lettre - I - Statistiques

Statistiques générales
  • Ce quiz a été pris 86 fois
  • Le résultat moyen est 8 sur 20
Statistiques - réponses
Question Réponse % Correct
Civilisation andine précolombienne Incas
95%
Pays d'origine de nombreux habitants du Guyana Inde
85%
La plupart des pays d'Amérique du Sud l'ont obtenue au 19e siècle, sauf le Suriname et le Guyana qui l'ont obtenue au 20e siècle Indépendance
83%
Reptile semi-arboricole végétarien qui peut rester immobile pendant des heures Iguane
74%
Prénom de l'otage française des FARC pendant plus de 6 ans, de 2002 à 2008 {Ingrid} Betancourt
71%
Site naturel spectaculaire entre Argentine et Brésil Chutes d'{Iguaçu}
61%
Religion de 15% des Surinamiens Islam
61%
Oiseau blanc sacré dans d'autres parties du monde, il est rouge vif en Amérique du Sud (photo) {Ibis} rouge
59%
Plage carioca, pourvue de nombreuses et affriolantes girls Ipanema
53%
Île principale des Galapagos (c'est un prénom) Isabela
40%
Mode de destruction de la forêt amazonienne Incendies
33%
Ville péruvienne, berceau du Pisco Ica
10%
Prénom du président Lula (Brésil) Inacio
10%
Mouvement politique et littéraire visant à dénoncer le sort des populations amérindiennes et à améliorer leur condition dans les sociétés actuelles Indigénisme
10%
Rivière guyanaise, affluent du Maroni, haut lieu de la recherche de l'or, qui a donné son nom à un territoire doté d'un statut spécifique jusqu'en 1969. Inini
9%
Type d'économie particulièrement représenté en Amérique du Sud Economie {informelle}
8%
Ville de l'Amazonie péruvienne, c'est la plus grande agglomération du monde non accessible par la route, mais seulement par bateau Iquitos
8%
Relief rocheux isolé qui dépasse parfois de la forêt amazonienne (mot d'origine allemande) Inselberg
6%
Barrage à la frontière du Brésil et du Paraguay, correspondant à la centrale hydroélectrique qui détient le record mondial de production cumulée d'électricité Itaipu
6%
L'un des 17 départements du Paraguay Itapua
3%
Aucun quiz correspondant
Distribution des résultats
% des personnes avec chaque résultat
Percentile par nombre de réponses
Votre historique - résultats
Vous n’avez pas pris ce quiz